| 000 | 01325nam a22003137i 4500 | ||
|---|---|---|---|
| 003 | EG-ScBUE | ||
| 005 | 20250528102207.0 | ||
| 008 | 110502t2009 n a f b 101 0 eng d | ||
| 020 | _a0094243X | ||
| 020 | _a9780735406520 | ||
| 040 |
_aEG-ScBUE _beng _erda _cEG-ScBUE _dEG-ScBUE |
||
| 082 | 0 | 4 |
_222 _a523.1126 _bDAR |
| 111 | 2 |
_923504 _aInternational Conference on the Dark Side of the Universe _n(4th : _d2008 : _cCairo, Egypt) |
|
| 245 | 0 | 4 |
_aThe dark side of the universe : _b4th International Workshop on the Dark Side of the Universe, Cairo, Egypt, 1-5 June 2008 / _ceditor Shaaban Khalil, Center for Theoretical Physics, the British University in Egypt. |
| 264 | 1 |
_aMelville, New York : _bAmerican Institute of Physics, _c[2009] |
|
| 264 | 4 | _cc2009 | |
| 300 |
_aix, 369 pages : _billustrations ; _c25 cm. |
||
| 336 |
_2rdacontent _atext _btxt |
||
| 337 |
_aunmediated _2rdamedia _bn |
||
| 338 |
_avolume _bnc _2rdacarrier |
||
| 490 | 0 |
_aAIP conference proceedings ; _v1115 |
|
| 504 | _aIncludes bibliographical references and index. | ||
| 650 | 7 |
_923506 _aDark energy (Astronomy) _vCongresses. _2BUEsh |
|
| 650 | 7 |
_98234 _aDark matter (Astronomy) _vCongresses. _2BUEsh |
|
| 655 | _vReading book | ||
| 700 | 1 |
_98235 _aKhalil, Shaaban, _eeditor. |
|
| 942 |
_2ddc _cBB |
||
| 999 |
_c15225 _d15225 |
||